| 000 | 00698nam a22001937a 4500 | ||
|---|---|---|---|
| 999 |
_c6358 _d6358 |
||
| 003 | AR-CdUCM | ||
| 008 | 190315b ||||| |||| 00| 0 esp d | ||
| 040 |
_aMUNICIPALIDAD PROVINCIAL DEL CUSCO _cBIBLIOTECA MUNICIPAL DEL CUSCO |
||
| 082 |
_a869.56 / _bM19 |
||
| 100 |
_aMálaga de Cornejo Bouroncle, Hortensia _918145 |
||
| 245 |
_aDeslumbramiento / _cHortensia Malaga de Cornejo Bouroncle. |
||
| 260 |
_aArequipa : _bPortugal, _c1950. |
||
| 300 |
_a135 paginas ; _c20 cm. |
||
| 505 | _aPlenitud -- Amo la soledad -- Aleluya -- Prodigate -- Dolor valiente -- Elegía del viaje --Otoño ... | ||
| 650 |
_aPoesías peruanas _918128 |
||
| 650 |
_aSiglo XX _98 |
||
| 942 |
_2ddc _cLIBROS |
||
| 945 | _aacrt | ||